00269nam a2200109Ia 4500008004100000041000800041082001600049100001700065245002600082260003700108300001400145220530s9999 xx 000 0 und d aeng a891.46bDAN aDandekar G N aSmarangatha (Marathi) aMumbaibMajestic Prakashanc2008 a558 PbPB